000 003950000a22001570004500
003 LK-CoMWRAF
005 20231102213826.0
008 230817t ||||| |||| 00| 0 eng d
040 _aLK-CoMWRAF
_dLK-CoMWRAF
_eLK-CoMWRAF
041 _aeng
082 _a297.122
_bHOL
245 _aThe Holy Quran :
_bText translation
650 _aIslam--Quran
700 _aAli, Abdul Yusuf
_eed.
942 _cBK
999 _c2980
_d2980